Регионална библиотека "Любен Каравелов" - Русе

Изследвания, разработки, внедряване (Запис номер 130663)

MARC детайли
000 -Лидер
Контролно поле с фиксирана дължина 05005nam a2200397 a 4500
003 - Код на организацията, давaща контролен номер
Контролно поле BLK
005 - Дата и час на последна редакция
Контролно поле 20240322005328.0
008 - Елементи от данни с фиксирана дължина
fixed length control field 180409b bul|||||r ||||||| ||bul||
010 ## - Наследен системен номер
LC control number KNG00136432000
040 ## - Източник на каталожния запис
Идентификатор на билиотеката - собственик на записа BLK
041 ## - Код за език
Код за езика на текст/звукозапис или на отделно заглавие Български
Код за езика КДБФ Български
080 ## - УДК
Текстов определител УДК Наука. Наукознание. Организация на умствения труд
УДК код - определител по УДК 001
УДК определител (045)
УДК - код + определител 001(045)
080 ## - УДК
Текстов определител УДК Технически прогрес
УДК код - определител по УДК 62.001.71
УДК определител (045)
УДК - код + определител 62.001.71(045)
139 ## - Редно поле
Редна дума Изследвания, разработки, внедряване
Авторски знак Изр - И 46
245 10 - Сведения за заглавието
Заглавие Изследвания, разработки, внедряване
Подзаглавни данни Сб. статии
Редно поле (дума) ред. кол. Никола Костадинов Стефанов и др.
257 ## - Страна на издаване
Страна на създаване/издаване България
260 ## - Област на издателските данни
Място на издаване, разпространение и проч. София
Име на издателя, разпространителя и проч. Наука и изкуство
Година на издаване 1976
300 ## - Физическа характеристика
Страници 419 с.
Илюстрации и др. със сх.
Размери/Мащаб 21 см
380 ## - Жанр
Жанр Общ отдел
490 ## - СЕРИИ (Колекции)
Име на серия Поредица Наукознание и научна политика
9 (RLIN) 206301
500 ## - Общи забележки
Забележка Изд. на БАН. Център по наукознание. - 1 624 тир. - Съдържа: Социализмът и науката / Н. Папазов. - Превръщането на БАН в академия от социалистически тип / А. Балевски. - Проблемът за научните кадри в условията на научно-техническата революция / С. Микулински. - Нравствени аспекти на управлението на науката / Н. Стефанов. - Управление на дейностите в цикъла "изследване - реализация на резултатите" / Г. Добрев, В. Янкевич, Е. Гуржий. - Ускореното производствено усвояване на резултатите от научните изследвания - важен резерв за повишаване ефективността на производството / В. Косолапов. - Изследователският труд и организационно-икономическите проблеми на внедряването и оценката на научните резултати /А. Щербанов. - Из опита на академията на науките на ГДР / Г. Крьобер, Р. Ромпе, О. Хенкел, Г. Кайл. - Социални иорганизационни предпоставки на внедряването / Я. Фаркаш. - Експертизи и контрол / Ю. Шейнин. - Условия за по-бързо внедряване на научните резултати в практиката / Й. Симеонов. - Програми за внедряване на научните резултати / К. Симеонова. - Методологически аспекти на изграждане механизма за управление на научната дейност на внедряването и нейните резултати в общественото производство / П. Велков. - Основни потоци и управление на научно-техническото нововъведение / Н. Мончев. - Трудът в процеса "изследване - внедряване" / Ст. Милушева. - Двата цикъла "наука - практика" / Л. Попов. - Фактори, забавящи осъществяването на научно-техническото нововъведение / Хр. Домозетов. - Научно-производствените обединения и тяхната роля в ускоряване на цикъла "изследване-производство" / А. Патерински. - Реализация на системно-интегриращите тенденции на програмно-целевото управление / Л. Енчева. - Формалната и неформалната организация на научните колективи и ефективизирането на научната дейност / К. Господинов. - От науката към обучението / К. Костов.
650 #4 - Допълнително описание по предмет – тема
Основно описание – тема или топоним Наука
9 (RLIN) 163554
650 #0 - Допълнително описание по предмет – тема
Основно описание – тема или топоним Технически прогрес
9 (RLIN) 260527
653 ## - Ключова дума – ненормативна
Ключова дума научни изследвания
653 ## - Ключова дума – ненормативна
Ключова дума технически прогрес
700 ## - Други автори (авторска отговорност)
Лично име Стефанов, Никола Костадинов
Дати, свързани с автора 1932-
9 (RLIN) 378172
700 1# - Други автори (авторска отговорност)
Лично име Качаунов, Стефан Ив.
Автороска отговорност (Описва отношението между автора и произведението) ред. кол.
9 (RLIN) 322341
700 1# - Други автори (авторска отговорност)
Лично име Мончев, Найден Моев
Автороска отговорност (Описва отношението между автора и произведението) ред. кол.
9 (RLIN) 378140
852 ## - Местоположение
Форматна сигнатура Цб 80846
856 4# - Електронен адрес и достъп
Електронен формат pdf - файл
Инструкция (цена за достъп) 0.00
Права за достъп disable
856 4# - Електронен адрес и достъп
Електронен формат pdf - файл
Инструкция (цена за достъп) 0.00
Права за достъп disable
999 ## - СИСТЕМНИ КОНТРОЛНИ НОМЕРА
Koha biblionumber 130663
Koha biblioitemnumber 130663
942 ## - АРТИКУЛИ
Вид на библиотечния материал Книги
Скрит в OPAC Не
Периодичен библиозапис Да
944 ## - СЪЗДАВАНЕ И РЕДАКЦИЯ на ЗАПИСА
Създаване/Редакция Създаване
Дата на регистрацията/редакция 23.11.2012
Статус, дата на статуса CRON CRON
Служител, извършил регистрацията/редакцията
944 ## - СЪЗДАВАНЕ И РЕДАКЦИЯ на ЗАПИСА
Създаване/Редакция Редакция
Дата на регистрацията/редакция 2022-10-14
Служител, извършил регистрацията/редакцията ир
999 ## - СИСТЕМНИ КОНТРОЛНИ НОМЕРА
Koha biblioitemnumber 130663
Наличности
Код за отписване Код за изгубен артикул Източник на класификационната схема Код за повреда Коз за рестрикции Код за отдаване Артикулен № Име на библиотеката - собственик Име на библиотеката, в която се намира в момента Статус (Текущо местоположение) Дата на вписване в системата Местоположение - отдел Цена в лева Инвентарен номер Систематично азбучна сигнатура Баркод Номер на екземпляра Цена в евро Служебна бележка Служебен тип на артикула
  Не е изгубен Universal Decimal Classification Не е повреден само за читалня ползва се в читалня 212656 Регионална библиотека "Любен Каравелов" Русе Регионална библиотека "Любен Каравелов" Русе Хранилище 1976-01-01 Хранилище 3.02 205814 Цб 80846 120000205814 1 1.54 Дост: Dp Вид: Д N: стар фонд Дата: 01.01.1976 Книги
Изтеглен Не е изгубен Universal Decimal Classification Не е повреден без рестрикции заемане за дома 212657 Регионална библиотека "Любен Каравелов" Русе Регионална библиотека "Любен Каравелов" Русе Заемна - подръчен фонд 1976-01-01 Заемна - подръчен фонд 3.02 206354 П 001/И 46 206354 2 1.54 Дост: Pk Вид: Ф N: стар фонд Дата: 01.01.1976 Дата инв: 21.03.2018 Бележки инв: П2018 Книги
Vip Innovations Ltd, Rousse, Bulgaria 2025